000 00286nam a2200109Ia 4500
008 190216s9999||||xx |||||||||||||| ||und||
100 _aDhavale R G&Amp; Dhavale S R
245 0 _aAdvanced Chemical Calculations
260 _bHimalaya Publishing House
_c1979
300 _a552p
942 _cBK
999 _c2277
_d2277